| 000 | 01006nam a2200337 b 4500 | ||
|---|---|---|---|
| 001 | 001017829 | ||
| 003 | DO-SdBPM | ||
| 005 | 20250707133242.0 | ||
| 007 | ta | ||
| 008 | 981016s1998 sp | ||| ||spa | ||
| 017 |
_a _b |
||
| 020 | _a8440670745 | ||
| 040 |
_aDO-SdBPM _bspa _cBPMSU _erda |
||
| 082 | 4 |
_a129 _bW429L 1998 _222 |
|
| 100 | 1 |
_aWeiss, Brian L. _d1944- _eautor |
|
| 240 | 1 | 0 |
_aOnly love is real _lEspañol |
| 245 | 1 | 0 |
_aLazos de amor / _cBrian Weiss ; traducción, Elena Vilallonga _h |
| 250 | _a | ||
| 264 |
_aBarcelona : _bEdiciones B _c1998 |
||
| 300 |
_a261 páginas .: _c20 cm |
||
| 336 |
_atexto _btxt _2rdacontent |
||
| 337 |
_asin mediación _bn _2rdamedia |
||
| 338 |
_avolumen _bnc _2rdacarrier |
||
| 534 |
_pTítulo original. _tOnly love is real. |
||
| 590 | _aInventariado, 2025/VM | ||
| 650 | 7 |
_aReencarnación _2 |
|
| 650 | 7 |
_aReencarnación _vEstudio de casos. |
|
| 650 | 7 | _aVida futura. | |
| 910 | _aVMateo V. Control de calidad. BPMSU | ||
| 942 |
_2ddc _cBK |
||
| 999 |
_c9199 _d9199 |
||